000 01669nam1a2200301 i 4500
001 RU\NLR\bibl\519125
005 20260406135126.0
035 _a(NLR Aleph) 000511536
090 _a1236372
_c1236372
100 _a20040513d20039999k c0rusy50 ca
101 0 _arus
102 _aRU
105 _a||||z |||||
200 1 _aСистемная логистика и центр консолидации грузопотоков на международных трассах
_eТр. II-ой Междунар. науч.-практ. конф.
_f[Редкол.: Архангельский С.В. д.т.н., проф. (отв. ред.) и др.]
210 _aСамара
_cБ.и.
_d2003
215 _d20
300 _aВ надзаг.: Администрация Сам. обл., Науч.-произв. центр информ. и трансп. систем (НПЦ ИНФОТРАНС), Средневолж. регион. науч. центр АТ РФ, ОАО "Волгатранстерминал"
463 0 _1001514386
606 0 _aЛогистика транспортная
_jСъезды, совещания и т.п.
_xРегиональный аспект
_92161630
_3RU\NLR\auth\661300871
686 _aУ37(2)-59я431
702 1 _4340
_7ca
_8rus
_aАрхангельский
_bС. В.
_cд-р техн. наук
_f- 2015
_gСергей Васильевич
_9221721
_3RU\NLR\AUTH\770221777
712 0 1 _4570
_aСамарская область
_bАдминистрация
_3RU\NLR\AUTH\889918104
_9332351
801 0 _aRU
_bNLR
_c20040513
_gPSBO
801 1 _aRU
_bNLR
_c20040513
852 _aNLR
_j2004-3/8960
942 _cBOOK